Las energías renovables /

Shranjeno v:
Bibliografske podrobnosti
Glavni avtor: Cabanat, Martine (autor)
Format: Knjiga
Jezik:španščina
Izdano: Madrid, España : Everest, 1983, c1983
Serija:(Saber Más. Serie Civilización)
Teme:
Oznake: Označite
Brez oznak, prvi označite!

MARC

LEADER 00000nam^a2200000^a^4500
001 000316589
005 20250521000000.0
009 20260310113318.142
020 |a 84-241-5668-4 
037 |a Acervo ITESO - Biblioteca 
041 |a ESP 
082 |a 333. 794  |b CAB 
100 |a Cabanat, Martine  |e (autor) 
245 1 4 |a Las energías renovables /  |c M. Cabanat ; tr. por Armando Ramos. 
264 4 |a Madrid, España :  |b Everest,  |c 1983, c1983 
300 |a 63 p. 
336 |a texto  |b txt  |2 rdacontenido 
337 |a sin mediación  |b n  |2 rdamedio 
338 |a volumen  |b nc  |2 rdasoporte 
440 1 |a (Saber Más.  |p Serie Civilización) 
649 |a XX 
650 |a Recursos Energéticos Renovables -  |x Generalidades -  |x Tema Principal 
650 |a Recursos Naturales -  |x Generalidades 
650 |a Libros para Niños 
910 |a Fondo General 
920 |a Impresos - Libros 
930 |a Colección General 
905 |a 101 
901 |a 0500203226  |b IT1  |c ACC  |i D56936  |u 20250521 
902 |a https://opac.biblio.iteso.mx/vufind/Record/000316589